| 000 | nam a22 a 4500 | ||
|---|---|---|---|
| 999 |
_c2236 _d2236 |
||
| 005 | 20170515160913.0 | ||
| 008 | 170515b1987 - ||||| |||| 00| 0 eng d | ||
| 020 | _a8185944024 | ||
| 040 | _aAKMAL | ||
| 082 | _a370.7 BEL | ||
| 090 |
_a370.7 _bBEL |
||
| 245 |
_aHOW TO COMPLETE YOUR RESEARCH PROJECT SUCCESFULLY _cJUDITH BELL |
||
| 260 |
_aUNITED STATES OF AMERICA _c1987 |
||
| 300 |
_a140pg,; _c25 cm |
||
| 942 |
_2ddc _cBOOK |
||